000 00733cam a22002411 4500
001 sa 68005254
003 DLC
005 20260227112507.0
008 820721s1968 ii b 000 0 hinr
010 _asa 68005254
035 _a(OCoLC)8615510
040 _aDLC
_cNcD
_dNcD
_dDLC
042 _apremarc
050 0 0 _aPK2040
_b.G76
100 1 _aGupta, Devi Prashad,
_d1936-
245 1 0 _aHindī mahākāvya:
_bsiddhānta aura mulyāṅkana.
_c[Lekhaka] Devīprasāda Gupta.
250 _a[1. saṃsakaraṇa]
260 _aJayapura,
_bApolo Pablikeśana,
_c[1968]
300 _a2, 517 p.
_c23 cm.
500 _aIn Hindi.
504 _aIncludes bibliographical footnotes.
650 0 _aEpic poetry, Hindi
_xHistory and criticism.
999 _c80608
_d80608